000 01497cam a2200373 i 4500
001 practicalaccount00taet
003 CaSfIA
005 20210118211549.0
007 cr||||
008 770301s1977 nyua b 001 0 eng
010 _a 77002919
040 _aDLC
_cDLC
_dBTCTA
_dOCLCG
_dCaSfIA
020 _a0884054454
020 _a9780884054450
035 _a(OCoLC)2818334
050 0 0 _aHF5635
_b.T15
082 0 0 _a657/.9042
100 1 _aTaetzsch, Lynne.
245 1 0 _aPractical accounting for small businesses /
_h[electronic resource]
_cLyn Taetzsch and Laura Taetzsch.
260 _aNew York :
_bPetrocelli/Charter,
_c1977.
300 _ax, 262 p. :
_bill. ;
_c24 cm.
504 _aBibliography: p. 255.
500 _aIncludes index.
650 0 _aAccounting.
700 1 _aKirsner, Laura,
_d1945-
_ejoint author.
856 4 1 _uhttp://www.archive.org/details/practicalaccount00taet
_zFree eBook from the Internet Archive
856 4 2 _uhttp://www.openlibrary.org/books/OL4536886M
_zAdditional information and access via Open Library
029 1 _aNZ1
_b3580915
029 1 _aAU@
_b000000856901
029 1 _aAU@
_b000023869266
942 _cEB
506 _fНеобхідна авторизація на https://archive.org/ (створення облікового запису безкоштовно)
506 _fНеобхідна авторизація на https://openlibrary.org/ (створення облікового запису безкоштовно)
999 _c538386
_d538386